00762nam a22002537a 450000500170000001000110001702000100002803500110003803700160004904000120006508200160007710000290009324500530012225000110017526000490018627000130023530000200024850000210026865000220028965000270031194200250033899900190036395201260038220170124110213.0 a492629 c00.00 a492629 bCen Lib/Ret aDPLbEN a025.32bAKE aAkers, Susan Grey938559 aSimple library cataloging /cby Susan Grey Akers a4th ed aChicago bAmerican Library Associationc1968 bChicago  a250p.c23cm(Hb) aIncludes index  aCataloging973665 aLibrary science973666 2ddccENh025.32mAKE c133661d133661 001040718REFaLbLd2015-07-27eCen Lib/Retg0.00l0o025.32 AKEp492629r2015-07-27 00:00:00t1v0.00w2015-07-27yEN